00502cam a22001577a 4500008003600000082001500036100002400051245004700075260002700122300001000149440004700159650001300206650002000219999001900239952008600258180718b xxu||||| |||| 00| 0 eng d aZ211 K897g aKrishnamurthy, K.H. aGourds and pumpkinscby K.H. Krishnamurthy aDelhibBooks For Allc a122p. aHealth series: traditional family medicine aMedicine aFamily medicine c400426d400426 00104070aIIPAbIIPAd2002-10-21oZ211 K897gp66608r2018-07-21w2018-07-21yBK